| 000 | 01020cam a22002651i 4500 | ||
|---|---|---|---|
| 003 | SA-RiAUC | ||
| 005 | 20250113081125.0 | ||
| 008 | 250107s2006 su f 000 0 ara c | ||
| 020 | _a9960527980 | ||
| 040 |
_aSA-RiIMS _bara _cSA-RiAUC _erda |
||
| 082 | 0 | 4 |
_a253.9004 _qSA-RiAUC |
| 090 |
_a253.9004 _b ز ي د |
||
| 100 | 1 |
_aالزيد، زيد بن عبد الكريم بن علي، _d1375 هجري- _eمؤلف. |
|
| 245 | 1 | 0 |
_aشروط الوكالة في الفقه الإسلامي / _cإعداد زيد عبد الكريم الزيد. |
| 250 | _aالطبعة الأولى. | ||
| 264 | 1 |
_aالرياض : _bدار إمام الدعوة، _c2006 |
|
| 300 |
_a144 صفحة ؛ _c24 سم |
||
| 336 |
_aنص _btxt _2rdacontent _3كتاب |
||
| 337 |
_aبدون وسيط _bn _2rdamedia |
||
| 338 |
_aمجلد _bnc _2rdacarrier |
||
| 500 | _aالأصل أطروحة ماجستير. | ||
| 650 | 7 |
_aالتوكيل (فقه إسلامي) _2aucsh |
|
| 942 |
_2ddc _cBOOK _n0 |
||
| 949 |
_aSA-JeALM _d250107 _umohamedma123 _n1 |
||
| 999 |
_c4676 _d4676 |
||